000
00333nam a22001457a 4500
008
210308b ||||| |||| 00| 0 eng d
020
_a
9780697053237
041
_a
eng
080
_a
510
082
_a
510
100
_a
36
101
_a
MAT
245
_a
Fundamentals of Algebra and Trigonometry
_c
Christy, D.T
942
_2
udc
_c
BK
999
_c
55925
_d
55925